00751 a2200181 45000010006000000050017000060080041000230030015000640400040000790800031001192450079001500200018002292500013002472640041002603000012003015050225003131000031005382668420260407155545.0260407a1998 arg spa dAR-UNSa-BCEJYS aAR-UNSa-BCEJYSbspacAR-UNSa-BCEJYS a347(094.4)xCódigo Civil10aCódigo Civil de la República Argentinapy legislación complementaria a950-20-1126-0 a39a. ed. 1aBuenos Aires :bAbeledo Perrotc1998 a1295 p. a1. Títulos preliminares - Libro 1: De las personas - Libro 2: De los derechos personales en las relaciones civiles - Libro 3: De los derechos reales - Libro 4: De los derchos reales y personales. Disposiciones comunes.1 aArgentina [Código Civil]